St Albans Abbey: The Excavation of the Chapter House 1978

محفوظ في:

المؤلف الرئيسي: Professor Martin Biddle, CBE, FBA

التنسيق: كتاب

اللغة: Undetermined

الوصول للمادة أونلاين: Login to view Source

الوسوم: إضافة وسم

لا توجد وسوم, كن أول من يضع وسما على هذه التسجيلة!

رقم الطلب:

LEADER 00494nmm a2200133Ia 4500
008 240716s9999||||xx |||||||||||||||||und||
020 |a 9781803277080 
020 |a 9781803277097 
100 |a Professor Martin Biddle, CBE, FBA 
245 1 0 |a St Albans Abbey: The Excavation of the Chapter House 1978  |c Professor Martin Biddle, CBE, FBA 
264 |b Archaeopress Archaeology  |c 13-يونيو-24 
856 4 0 |u http://library.arce.org:8087/Archaeopress/Products/9781803277080 
942 |2 lcc  |c EBOOK 
999 |c 58918  |d 58918